Ernährung und Volksnahrungsmittel sechs Vorträge

Salvato in:
Dettagli Bibliografici
Natura: Libro
Lingua:tedesco
Pubblicazione: Leipzig B. G. Teubner 1900
Tags: Aggiungi Tag
Nessun Tag, puoi essere il primo ad aggiungerne!!

MARC

LEADER 00000nam a2200000 4500
001 0307198
005 20250221105149.1
041 0 |a ger 
044 |a DE 
245 1 0 |a Ernährung und Volksnahrungsmittel  |b sechs Vorträge  |c Johanes Frentzel 
264 1 |a Leipzig  |b B. G. Teubner  |c 1900